|
|
|
|
| LEADER |
01976ndm a2200421 a 4500 |
| 001 |
001256418 |
| 003 |
CZ BrMZK |
| 005 |
20140127100146.0 |
| 007 |
qu |
| 008 |
990305s1955 xx zzneg zxx d |
| 031 |
|
|
|a 01
|b 01
|c 01
|d Allegro
|m vl 1
|g G-2
|n bBEA
|o c
|p 8-'''C''4G+{8GE}4C+/{8C'G}4E+{8EC},4G/{6BABA}{6BABA}{6BABA}{6BAGA}/
|r c
|2 pe
|
| 040 |
|
|
|a BOA001
|b cze
|
| 043 |
|
|
|a e-xo---
|
| 045 |
|
|
|a v-x-
|
| 048 |
|
|
|a sa02
|a sb01
|a sc01
|
| 072 |
|
7 |
|a 787
|x Hudba pro strunné a smyčcové nástroje
|2 Konspekt
|9 9
|
| 080 |
|
|
|a 787.1/.4:785.74
|2 MRF
|
| 080 |
|
|
|a 78.087
|2 MRF
|
| 080 |
|
|
|a (0.032)78
|2 MRF
|
| 100 |
1 |
|
|a Bella, Ján Levoslav,
|d 1843-1936
|7 jn20000600785
|4 cmp
|
| 245 |
1 |
0 |
|a Smyčcový kvartet C-moll, op. 25
|h [rukopis] :
|b pro 2 housle, violu a violoncello : komp. 1886 v Sibini, (přeprac. 1918) /
|c Ján Levoslav Bella
|
| 260 |
|
|
|c 1955
|
| 300 |
|
|
|a 4 rkp. hlasy (11, 12, 11, 11 s.) ;
|c 33 cm
|
| 500 |
|
|
|a Rkp. opis Antonína Němce
|
| 500 |
|
|
|a Na konci partu Violoncello: 21. XI. 1955 Dr. Ant. Němec (podpis)
|
| 500 |
|
|
|a Na tit. s. dole: Svojmu priateľovi Dru Rankovi Burmazovi v Sibini
|
| 561 |
|
|
|a Provenience: (razítko) Hudební archiv Dr. A. Němce Praha, sign. 898/KH
|
| 648 |
|
7 |
|a 19.-20. století
|7 ch757015
|
| 650 |
0 |
7 |
|a smyčcové kvartety
|7 ph125721
|z Slovensko
|y 19.-20. stol.
|2 czenas
|
| 650 |
0 |
7 |
|a komorní hudba
|7 ph121752
|z Slovensko
|y 19.-20. stol.
|2 czenas
|
| 655 |
|
7 |
|a hlasy
|7 fd186703
|2 czenas
|
| 655 |
|
7 |
|a hudební rukopisy
|7 fd278469
|2 czenas
|
| 700 |
1 |
|
|a Němec, Antonín,
|d 1894-1958
|7 jk01083034
|4 scr
|
| 856 |
4 |
1 |
|u http://audioserver.mzk.cz/incipity/png/001256418_01_01_01.png
|y Zobrazení hudebního incipitu
|
| 856 |
4 |
1 |
|u https://imageserver.mzk.cz/mzk01/001/256/418/2619480257
|y Titulní list (klikněte pro zobrazení)
|
| 910 |
|
|
|a BOA001
|b RKPMus-0460.378
|
| 990 |
|
|
|a MU
|
| 996 |
6 |
|
|b 2619480257
|c RKPMus-0460.378
|l Stud. starých tisků/4.patro
|r Sklad / do násl. otevíracího dne
|n 0
|w 001290396
|x 9
|u 000010
|a 1
|e BOA001
|j MZK50
|s P
|